000 00702nam a2200241Ia 4500
003 OSt
005 20220928131024.0
006 a|||||r|||| 00| 0
007 ta
008 220927b |||||||| |||| 00| 0 eng d
024 _a30309
037 _cTextual
040 _aSDCL
_cSDCL
_beng
041 _2eng
_aeng
082 _aL:424-68, N0
100 _aMacario Alberto J L Ed.
_9476802
245 0 _aGene probs for bacteria.
260 _aSan
_bDiego Academic Press
_c1990
300 _axxiii,515p.
_ccm.
700 _a De Macario Everly Conway Ed.
_9476803
942 _hL:424-68, N0
_cTEXL
_2CC
999 _c789271
_d789271